Normal view
MARC view
- WIRELESS SYSTEMS.MOBILE SYSTEMS
Entry Topical Term
001 - CONTROL NUMBER
- control field: 60894
003 - CONTROL NUMBER IDENTIFIER
- control field: NUST
005 - DATE AND TIME OF LATEST TRANSACTION
- control field: 20210628202639.0
008 - FIXED-LENGTH DATA ELEMENTS
- fixed length control field: 210628|| aca||aabn | a|a d
040 ## - CATALOGING SOURCE
- Original cataloging agency: NUST
- Transcribing agency: NUST
150 ## - HEADING--TOPICAL TERM
- Topical term or geographic name entry element: WIRELESS SYSTEMS.MOBILE SYSTEMS
670 ## - SOURCE DATA FOUND
- Source citation: Work cat.: (NUST): Agrawal , Dharma Prakash Zeng, Qing-An 60893, Introduction to wireless and mobile systems, 2003
